000
00494nam a2200181Ia 4500
008
090123s9999 xx 000 0 und d
082
_b
160
100
_a
काणेकर अनंत
245
_a
नवे किरण
250
_a
3
260
_b
देशमुख रा.ज.
300
_a
96
600
_a
काणेकर अनंत
630
_a
नवे किरण
700
_a
काणेकर अनंत
730
_a
नवे किरण
942
_c
BOOK
999
_c
38248
_d
38248